[Event "HUN-chT 1213"]
[Site "Hungary"]
[Date "2012.12.02"]
[Round "5"]
[White "Kovacs, Lajos M"]
[Black "Kantor, Gergely"]
[Result "1/2-1/2"]
[WhiteElo "2229"]
[BlackElo "2310"]
[PlyCount "93"]
[EventDate "2012.09.16"]
[EventType "team-tourn"]
[EventRounds "9"]
[EventCountry "HUN"]
[SourceTitle "EXT 2014"]
[Source "ChessBase"]
[SourceDate "2013.11.20"]
[SourceVersion "1"]
[SourceVersionDate "2013.11.20"]
[SourceQuality "1"]
[WhiteTeam "Dunaharaszti"]
[BlackTeam "Aquaprofit"]
[WhiteTeamCountry "HUN"]
[BlackTeamCountry "HUN"]

1. d4 Nf6 2. Nf3 e6 3. e3 d5 4. c4 a6 5. a4 c5 6. Nc3 Nc6 7. Be2 dxc4 8. Bxc4 Be7 9. 0-0 0-0 10. Ba2 Qc7 11. Qe2 Rd8 12. Rd1 b6 13. d5 exd5 14. Nxd5 Nxd5 15. Bxd5 Bf6 16. e4 Bg4 17. Bf4 Qxf4 18. Bxc6 Rab8 19. Rxd8+ Rxd8 20. Bd5 Be5 21. Qe3 Qxe3 22. fxe3 Bf6 23. Rd1 Be6 24. b3 b5 25. axb5 axb5 26. Rd2 Bc3 27. Rd3 Bb2 28. Kf2 Bxd5 29. Rxd5 Rc8 30. Rd2 Bc3 31. Rd3 Bb4 32. Rd1 g6 33. Ke2 Ra8 34. Ne5 Ra2+ 35. Kf3 Rb2 36. Rd8+ Kg7 37. Rb8 Bc3 38. Nd3 Rxb3 39. Nxc5 Rb1 40. Rb7 b4 41. Ne6+ Kf6 42. Nd4 h5 43. Rb5 Kg7 44. e5 Kh6 45. Rb7 Rd1 46. Ke4 Rf1 47. Nf3 1/2-1/2

[Event "HUN-chT U18"]
[Site "Miskolc"]
[Date "2011.11.02"]
[Round "1.1"]
[White "Kovacs, Lajos M"]
[Black "Merk, Andras"]
[Result "1-0"]
[WhiteElo "2243"]
[BlackElo "1492"]
[PlyCount "99"]
[EventDate "2011.11.02"]
[EventType "team-swiss"]
[EventRounds "8"]
[EventCountry "HUN"]
[SourceTitle "EXT 2012"]
[Source "ChessBase"]
[SourceDate "2011.11.24"]
[SourceVersion "1"]
[SourceVersionDate "2011.11.24"]
[SourceQuality "1"]
[WhiteTeam "Honved Aurora"]
[BlackTeam "Barcza III"]
[WhiteTeamCountry "HUN"]
[BlackTeamCountry "HUN"]

1. Nf3 Nf6 2. d4 d5 3. c4 c5 4. e3 e6 5. Nc3 Nc6 6. cxd5 Nxd5 7. Be2 cxd4 8. exd4 Bb4 9. Bd2 Nxc3 10. bxc3 Bd6 11. 0-0 0-0 12. Re1 e5 13. d5 Ne7 14. c4 Nf5 15. Bd3 Nd4 16. Nxe5 Qf6 17. f4 Bf5 18. Bc3 Bc5 19. Kh1 Bxd3 20. Qxd3 Qxf4 21. Re4 Qf2 22. Bxd4 Bxd4 23. Qxd4 Qxd4 24. Rxd4 Rfe8 25. Nf3 Re2 26. d6 Rd8 27. Kg1 Kf8 28. a4 h6 29. a5 Ke8 30. Rb1 Rb8 31. d7+ Kd8 32. Rd5 Re7 33. Rbd1 f6 34. Nd4 a6 35. Nf5 Rf7 36. Rd6 b6 37. axb6 Rb7 38. c5 Rfxd7 39. c6 Rxd6 40. Rxd6+ Kc8 41. cxb7+ Kxb7 42. Ng3 a5 43. Ne4 f5 44. Nc5+ Kc8 45. b7+ Kc7 46. Rd7+ Kb6 47. b8Q+ Kxc5 48. Qc8+ Kb5 49. Rb7+ Ka4 50. Qc4+ 1-0

[Event "Vaujany op-A 2nd"]
[Site "Vaujany"]
[Date "2011.07.22"]
[Round "9"]
[White "Kovacs, Lajos M"]
[Black "Szabo, Gergely Andras"]
[Result "0-1"]
[WhiteElo "2225"]
[BlackElo "2551"]
[PlyCount "96"]
[EventDate "2011.07.14"]
[EventType "swiss"]
[EventRounds "9"]
[EventCountry "FRA"]
[SourceTitle "EXT 2012"]
[Source "ChessBase"]
[SourceDate "2011.11.24"]
[SourceVersion "1"]
[SourceVersionDate "2011.11.24"]
[SourceQuality "1"]

1. d4 e6 2. c4 b6 3. Nc3 Bb7 4. Nf3 Bb4 5. Qc2 Nf6 6. a3 Bxc3+ 7. Qxc3 0-0 8. Bg5 h6 9. Bh4 d6 10. h3 Nbd7 11. e3 c5 12. Rd1 g5 13. Bg3 Ne4 14. Qc2 Nxg3 15. fxg3 f5 16. Bd3 Qf6 17. 0-0 Bxf3 18. Rxf3 cxd4 19. exd4 Qxd4+ 20. Qf2 Qxf2+ 21. Rxf2 Ne5 22. Bf1 Nf7 23. Rfd2 h5 24. g4 hxg4 25. hxg4 f4 26. b3 Kg7 27. Bd3 Kf6 28. Be4 Rad8 29. Kf2 Rh8 30. a4 a5 31. Bf3 Ke7 32. b4 axb4 33. Rb2 Ne5 34. Rxb4 Rb8 35. Be2 Kd7 36. Rb5 Kc7 37. Ra1 Ra8 38. a5 Rxa5 39. Rbxa5 bxa5 40. Rxa5 Kb6 41. Rb5+ Kc6 42. Ra5 Rb8 43. Ra7 Rb2 44. Ke1 Kc5 45. Ra5+ Kd4 46. Ra4 Nd3+ 47. Bxd3 Kxd3 48. Ra5 e5 0-1

[Event "Vaujany op-A 2nd"]
[Site "Vaujany"]
[Date "2011.07.18"]
[Round "5"]
[White "Horvath, Jozsef"]
[Black "Kovacs, Lajos M"]
[Result "1-0"]
[WhiteElo "2535"]
[BlackElo "2225"]
[PlyCount "60"]
[EventDate "2011.07.14"]
[EventType "swiss"]
[EventRounds "9"]
[EventCountry "FRA"]
[SourceTitle "EXT 2012"]
[Source "ChessBase"]
[SourceDate "2011.11.24"]
[SourceVersion "1"]
[SourceVersionDate "2011.11.24"]
[SourceQuality "1"]

1. c4 e5 2. g3 Nc6 3. Bg2 g6 4. Nc3 f5 5. d3 Bg7 6. e4 d6 7. Nge2 Nge7 8. 0-0 0-0 9. Rb1 a5 10. Be3 Rb8 11. Qd2 Be6 12. Nd5 b6 13. a3 Qd7 14. Bg5 Nc8 15. b4 axb4 16. axb4 Nd8 17. b5 Nb7 18. Nec3 Nc5 19. exf5 Bxf5 20. Ne4 Nxe4 21. dxe4 Be6 22. Ra1 c6 23. bxc6 Qxc6 24. Rfc1 Rf7 25. Rab1 Qe8 26. Rb4 Qf8 27. Rcb1 Rfb7 28. h4 Qf7 29. R1b3 Qf8 30. Be3 Ne7 1-0

[Event "Vaujany op-A 2nd"]
[Site "Vaujany"]
[Date "2011.07.17"]
[Round "4"]
[White "Kovacs, Lajos M"]
[Black "Deleva, Mathias"]
[Result "1-0"]
[WhiteElo "2225"]
[BlackElo "1982"]
[PlyCount "32"]
[EventDate "2011.07.14"]
[EventType "swiss"]
[EventRounds "9"]
[EventCountry "FRA"]
[SourceTitle "EXT 2012"]
[Source "ChessBase"]
[SourceDate "2011.11.24"]
[SourceVersion "1"]
[SourceVersionDate "2011.11.24"]
[SourceQuality "1"]

1. d4 Nf6 2. c4 e6 3. Nf3 d5 4. Nc3 c6 5. e3 a6 6. a4 c5 7. cxd5 exd5 8. g3 Nc6 9. Bg2 Be7 10. 0-0 0-0 11. h3 c4 12. Bd2 Nb4 13. Ne5 Bf5 14. Qf3 Be4 15. Nxe4 Nxe4 16. Bxb4 Bxb4 1-0

[Event "HUN-chT 1011"]
[Site "Hungary"]
[Date "2011.03.27"]
[Round "7"]
[White "Kovacs, Lajos M"]
[Black "Istvanovszky, Martin"]
[Result "1/2-1/2"]
[WhiteElo "2212"]
[BlackElo "2282"]
[PlyCount "80"]
[EventDate "2010.10.10"]
[EventType "team-tourn"]
[EventRounds "11"]
[EventCountry "HUN"]
[SourceTitle "EXT 2012"]
[Source "ChessBase"]
[SourceDate "2011.11.24"]
[SourceVersion "1"]
[SourceVersionDate "2011.11.24"]
[SourceQuality "1"]
[WhiteTeam "Honved"]
[BlackTeam "Penzugyor"]
[WhiteTeamCountry "HUN"]
[BlackTeamCountry "HUN"]

1. d4 Nf6 2. Nf3 c5 3. e3 g6 4. c4 Bg7 5. Nc3 0-0 6. Be2 cxd4 7. exd4 d5 8. h3 Nc6 9. Be3 b6 10. Ne5 Bb7 11. Bf3 e6 12. Bg5 h6 13. Bh4 Qd6 14. Nxc6 Bxc6 15. Bxf6 Bxf6 16. cxd5 Bxd5 17. Nxd5 exd5 18. 0-0 Qb4 19. Bxd5 Rad8 20. Bb3 Rxd4 21. Qc2 Kg7 22. Rad1 Rfd8 23. Rxd4 Qxd4 24. Qc6 Qd7 25. Qf3 Qe7 26. Rd1 Rxd1+ 27. Qxd1 Bxb2 28. Kf1 Qc7 29. Qc2 Bc3 30. Qe4 Bf6 31. Qc4 Qe7 32. Qe2 Qd7 33. Qc4 Be5 34. Qd5 Qf5 35. Ke2 Qf6 36. g3 Bd4 37. Qf3 Qe7+ 38. Kf1 Bf6 39. Qd5 Qc7 40. Kg2 Qe7 1/2-1/2

[Event "HUN-chT 1011"]
[Site "Hungary"]
[Date "2010.11.20"]
[Round "3"]
[White "Kovacs, Lajos M"]
[Black "Toth, Sarolta"]
[Result "0-1"]
[WhiteElo "2212"]
[BlackElo "2200"]
[PlyCount "122"]
[EventDate "2010.10.10"]
[EventType "team-tourn"]
[EventRounds "11"]
[EventCountry "HUN"]
[SourceTitle "EXT 2012"]
[Source "ChessBase"]
[SourceDate "2011.11.24"]
[SourceVersion "1"]
[SourceVersionDate "2011.11.24"]
[SourceQuality "1"]
[WhiteTeam "Honved"]
[BlackTeam "Decs"]
[WhiteTeamCountry "HUN"]
[BlackTeamCountry "HUN"]

1. d4 d5 2. Nf3 Nf6 3. Bf4 c5 4. c3 Nc6 5. e3 Qb6 6. Qb3 c4 7. Qxb6 axb6 8. Nbd2 b5 9. a3 b4 10. cxb4 Nxb4 11. Rc1 Nc6 12. Nb1 Bf5 13. Nc3 e6 14. h3 h6 15. Nd2 Be7 16. Be2 0-0 17. 0-0 Rfd8 18. g4 Bg6 19. f3 Ne8 20. Ra1 Ra5 21. a4 Rda8 22. Ndb1 b5 23. Nxb5 Rxb5 24. axb5 Rxa1 25. bxc6 Rxb1 26. Rxb1 Bxb1 27. c7 Nxc7 28. Bxc7 Bb4 29. Kf2 Bd2 30. Bd1 Ba2 31. Ke2 Bc1 32. Bd6 Bxb2 33. Kd2 c3+ 34. Kc2 Bc4 35. Bb4 g5 36. Bxc3 Bxc3 37. Kxc3 Bf1 38. Kd2 Bxh3 39. Ke1 h5 40. Kf2 hxg4 41. fxg4 Kg7 42. Be2 f5 43. gxf5 Bxf5 44. Kg3 Kf6 45. Bd1 Ke7 46. Ba4 Kd6 47. Bd1 Ke7 48. Ba4 Kd6 49. Be8 e5 50. Ba4 e4 51. Be8 Be6 52. Bh5 Kc6 53. Bg4 Bxg4 54. Kxg4 Kb5 55. Kxg5 Kc4 56. Kf5 Kd3 57. Ke5 Kxe3 58. Kxd5 Kf4 59. Kc6 e3 60. d5 e2 61. d6 e1Q 0-1

[Event "HUN-chT 1011"]
[Site "Hungary"]
[Date "2010.11.07"]
[Round "2"]
[White "Restas, Peter"]
[Black "Kovacs, Lajos M"]
[Result "0-1"]
[WhiteElo "2275"]
[BlackElo "2212"]
[PlyCount "62"]
[EventDate "2010.10.10"]
[EventType "team-tourn"]
[EventRounds "11"]
[EventCountry "HUN"]
[SourceTitle "EXT 2012"]
[Source "ChessBase"]
[SourceDate "2011.11.24"]
[SourceVersion "1"]
[SourceVersionDate "2011.11.24"]
[SourceQuality "1"]
[WhiteTeam "Mako"]
[BlackTeam "Honved"]
[WhiteTeamCountry "HUN"]
[BlackTeamCountry "HUN"]

1. d4 Nf6 2. g3 d5 3. Bg2 c6 4. c4 dxc4 5. Nf3 Bf5 6. Na3 e6 7. Nxc4 Nbd7 8. 0-0 h6 9. Bf4 Nb6 10. Na5 Qc8 11. Ne5 Be4 12. f3 Bh7 13. e4 Bb4 14. Nac4 Nxc4 15. Nxc4 0-0 16. Qb3 Be7 17. Rac1 Rd8 18. Rfd1 b6 19. Ne5 c5 20. Qb5 Bf8 21. b4 Nd7 22. dxc5 Nxe5 23. Rxd8 Qxd8 24. Bxe5 Qd2 25. Qc4 Rc8 26. Bf4 Qb2 27. Be3 bxc5 28. bxc5 Rc6 29. Bd4 Qd2 30. e5 Rc8 31. f4 Rd8 0-1

[Event "Vaujany op 1st"]
[Site "Vaujany"]
[Date "2010.07.16"]
[Round "7"]
[White "Kovacs, Lajos M"]
[Black "Roos, Daniel"]
[Result "1/2-1/2"]
[WhiteElo "2192"]
[BlackElo "2414"]
[PlyCount "82"]
[EventDate "2010.07.10"]
[EventType "swiss"]
[EventRounds "9"]
[EventCountry "FRA"]
[SourceTitle "CBM 137 Extra"]
[Source "ChessBase"]
[SourceDate "2010.09.01"]
[SourceVersion "1"]
[SourceVersionDate "2010.09.01"]
[SourceQuality "1"]

1. d4 d5 2. c4 e6 3. Nc3 c5 4. cxd5 exd5 5. Nf3 Nc6 6. g3 c4 7. Bg2 Bb4 8. 0-0 Nge7 9. Ne1 Bf5 10. Bg5 f6 11. Be3 Qd7 12. f3 a6 13. Bf2 0-0 14. Nc2 Bh3 15. e4 Bxg2 16. Kxg2 Rad8 17. Qe2 b5 18. a4 Bxc3 19. bxc3 f5 20. e5 bxa4 21. Ra3 Rb8 22. Na1 Rb6 23. Rxa4 Rfb8 24. Ra2 Ng6 25. Rc1 Nf8 26. Rcc2 Ne6 27. Rcb2 Qb7 28. Rxb6 Qxb6 29. Qc2 g6 30. Qa4 a5 31. Nc2 Kf7 32. Ne3 Qb5 33. Qa3 f4 34. Ng4 fxg3 35. hxg3 h5 36. Ne3 Rb7 37. Qd6 Ne7 38. Qa3 Qd7 39. Qd6 Qb5 40. Qa3 Qd7 41. Qd6 Qb5 1/2-1/2

[Event "HUN-ch U16"]
[Site "Budapest"]
[Date "2010.06.29"]
[Round "4"]
[White "Kovacs, Lajos M"]
[Black "Makk, Robert"]
[Result "1-0"]
[WhiteElo "2138"]
[BlackElo "2230"]
[PlyCount "113"]
[EventDate "2010.06.26"]
[EventType "swiss"]
[EventRounds "9"]
[EventCountry "HUN"]
[SourceTitle "CBM 137 Extra"]
[Source "ChessBase"]
[SourceDate "2010.09.01"]
[SourceVersion "1"]
[SourceVersionDate "2010.09.01"]
[SourceQuality "1"]

1. d4 d5 2. c4 c6 3. Nc3 Nf6 4. e3 e6 5. Nf3 Nbd7 6. Bd3 dxc4 7. Bxc4 b5 8. Bd3 Bb7 9. e4 b4 10. Na4 c5 11. e5 Nd5 12. 0-0 cxd4 13. Nxd4 Rc8 14. Nxe6 fxe6 15. Qh5+ Ke7 16. Bg5+ N7f6 17. Rfe1 h6 18. exf6+ gxf6 19. Bf5 Rc6 20. Bxe6 Rxe6 21. Nc5 Bc8 22. Rxe6+ Bxe6 23. Re1 Qd6 24. Rxe6+ Qxe6 25. Nxe6 Kxe6 26. Qe8+ Ne7 27. Bxh6 Bg7 28. Qa4 Bxh6 29. Qxb4 Rc8 30. Qb3+ Ke5 31. g3 Bc1 32. Qb7 Kd6 33. Qxa7 Rc6 34. b4 Bb2 35. b5 Rc4 36. Qa6+ Kc5 37. Qa7+ Kd6 38. a4 Bd4 39. Qb8+ Kd7 40. a5 Rc2 41. Qf4 Bxf2+ 42. Qxf2 Rxf2 43. Kxf2 Nf5 44. h4 Nd6 45. b6 Nc4 46. b7 Kc7 47. a6 Ne5 48. h5 Kb8 49. Kg2 Nf7 50. Kf3 Nh6 51. Ke4 Kc7 52. Kf4 Kb8 53. g4 Kc7 54. g5 fxg5+ 55. Kxg5 Nf7+ 56. Kf6 Nh6 57. Kg6 1-0

[Event "Budapest FS03 IM"]
[Site "Budapest"]
[Date "2010.03.10"]
[Round "5"]
[White "Kovacs, Lajos M"]
[Black "Turzo, Attila"]
[Result "0-1"]
[WhiteElo "2192"]
[BlackElo "2290"]
[PlyCount "110"]
[EventDate "2010.03.06"]
[EventType "tourn"]
[EventRounds "11"]
[EventCountry "HUN"]
[SourceTitle "CBM 135 Extra"]
[Source "ChessBase"]
[SourceDate "2010.05.04"]
[SourceVersion "1"]
[SourceVersionDate "2010.05.04"]
[SourceQuality "1"]

1. d4 Nf6 2. c4 e6 3. Nc3 Bb4 4. Qc2 Nc6 5. e3 d6 6. Bd2 0-0 7. Bd3 e5 8. d5 Ne7 9. Nge2 c6 10. dxc6 bxc6 11. a3 Ba5 12. e4 d5 13. b4 Bc7 14. cxd5 cxd5 15. exd5 h6 16. d6 Bxd6 17. Ng3 Bb7 18. Nge4 Nxe4 19. Bxe4 Nc6 20. Qa4 Qd7 21. 0-0 Rfd8 22. Be3 Nd4 23. Qxd7 Rxd7 24. Bxb7 Rxb7 25. Ne4 Be7 26. Rad1 Nc2 27. Bc1 a5 28. Rd2 Nd4 29. bxa5 Rxa5 30. Bb2 Nb3 31. Re2 f6 32. g4 Bxa3 33. Bxa3 Rxa3 34. Re3 Raa7 35. f4 exf4 36. Rxf4 Ra1+ 37. Kg2 Ra2+ 38. Rf2 Rxf2+ 39. Nxf2 Nd4 40. h3 Nc6 41. Kg3 Ne5 42. Rc3 Rb1 43. Ra3 Kh7 44. Rc3 Kg6 45. Ra3 h5 46. Kh4 Rb4 47. Kg3 Kg5 48. gxh5 Kxh5 49. Re3 Rb1 50. Rc3 Ra1 51. Ng4 Nf7 52. Rd3 Ng5 53. Nf2 Ra4 54. Kg2 Ra2 55. Rd4 Nxh3 0-1

[Event "Budapest FS03 IM"]
[Site "Budapest"]
[Date "2010.03.09"]
[Round "4"]
[White "Farago, Sandor"]
[Black "Kovacs, Lajos M"]
[Result "0-1"]
[WhiteElo "2256"]
[BlackElo "2192"]
[PlyCount "110"]
[EventDate "2010.03.06"]
[EventType "tourn"]
[EventRounds "11"]
[EventCountry "HUN"]
[SourceTitle "CBM 135 Extra"]
[Source "ChessBase"]
[SourceDate "2010.05.04"]
[SourceVersion "1"]
[SourceVersionDate "2010.05.04"]
[SourceQuality "1"]

1. e4 d5 2. e5 c5 3. c3 Bf5 4. d4 Nc6 5. Nf3 Bxb1 6. Rxb1 e6 7. a3 c4 8. b3 b5 9. Be2 Nge7 10. 0-0 Nc8 11. Ng5 Qd7 12. f4 g6 13. g4 N8e7 14. Qe1 h6 15. Qh4 Bg7 16. Nh3 a6 17. Bd1 cxb3 18. Bxb3 h5 19. Ng5 hxg4 20. Qxg4 Nf5 21. Bc2 Na5 22. Rf3 Rc8 23. Bxf5 gxf5 24. Qg2 Nc4 25. a4 bxa4 26. Qa2 Bf8 27. Rh3 Rxh3 28. Nxh3 a3 29. Ng5 Qa4 30. Nh7 Be7 31. Kf2 Kd7 32. Rb7+ Rc7 33. Rb3 Na5 34. Nf6+ Kc8 35. Rxa3 Bxa3 36. Qxa3 Qxa3 37. Bxa3 Rxc3 38. Bb4 Rc2+ 39. Kg3 Nc6 40. Bf8 Rc3+ 41. Kf2 Kd8 42. h4 Ne7 43. h5 a5 44. Ke2 a4 45. Kd2 Rh3 46. h6 Rh2+ 47. Kc1 a3 48. Kb1 a2+ 49. Ka1 Nc6 50. Ba3 Rxh6 51. Kxa2 Nxd4 52. Bc1 Rh2+ 53. Ka3 Rc2 54. Bb2 Ne2 55. Nh5 Rc4 0-1

[Event "Budapest FS03 IM"]
[Site "Budapest"]
[Date "2010.03.07"]
[Round "2"]
[White "Lengyel, Bela"]
[Black "Kovacs, Lajos M"]
[Result "1/2-1/2"]
[WhiteElo "2267"]
[BlackElo "2192"]
[PlyCount "25"]
[EventDate "2010.03.06"]
[EventType "tourn"]
[EventRounds "11"]
[EventCountry "HUN"]
[SourceTitle "CBM 135 Extra"]
[Source "ChessBase"]
[SourceDate "2010.05.04"]
[SourceVersion "1"]
[SourceVersionDate "2010.05.04"]
[SourceQuality "1"]

1. d4 d5 2. c4 e6 3. Nc3 Nf6 4. Bg5 Be7 5. Nf3 0-0 6. e3 h6 7. Bh4 b6 8. Be2 Bb7 9. Bxf6 Bxf6 10. cxd5 exd5 11. b4 c5 12. bxc5 bxc5 13. Rb1 1/2-1/2

[Event "HUN-ch U16"]
[Site "Balatonlelle"]
[Date "2009.07.01"]
[Round "5"]
[White "Kovacs, Lajos M"]
[Black "Nagy, Gabor"]
[Result "1/2-1/2"]
[WhiteElo "2126"]
[BlackElo "2210"]
[PlyCount "59"]
[EventDate "2009.06.27"]
[EventType "swiss"]
[EventRounds "9"]
[EventCountry "HUN"]
[SourceTitle "EXT 2011"]
[Source "ChessBase"]
[SourceDate "2010.11.26"]
[SourceVersion "1"]
[SourceVersionDate "2010.11.26"]
[SourceQuality "1"]

1. d4 Nf6 2. c4 c5 3. d5 e6 4. Nc3 exd5 5. cxd5 d6 6. Nf3 g6 7. Nd2 Bg7 8. e4 0-0 9. Be2 a6 10. a4 Nbd7 11. Nc4 Qe7 12. f3 Nh5 13. 0-0 f5 14. exf5 Bd4+ 15. Kh1 Re8 16. f4 Ndf6 17. Bxh5 Nxh5 18. Be3 Bxc3 19. bxc3 Bxf5 20. Re1 Qf6 21. Bd2 Be4 22. Nb6 Rad8 23. Qg4 Qg7 24. Qh4 Qf8 25. c4 Re7 26. f5 Rde8 27. Bg5 Re5 28. Nd7 Qxf5 29. Nxe5 Qxe5 30. Rf1 1/2-1/2

[Event "Nyiregyhaza op"]
[Site "Nyiregyhaza"]
[Date "1998.??.??"]
[Round "5"]
[White "Arato, Bela"]
[Black "Kovacs, Lajos M"]
[Result "0-1"]
[WhiteElo "2085"]
[BlackElo "2195"]
[PlyCount "62"]
[EventDate "1998.07.??"]
[EventType "swiss"]
[EventRounds "9"]
[EventCountry "HUN"]
[SourceTitle "EXT 2002"]
[Source "ChessBase"]
[SourceDate "2001.11.25"]
[SourceVersion "1"]
[SourceVersionDate "2001.11.25"]
[SourceQuality "1"]

1. e4 e5 2. Nf3 Nc6 3. Bb5 Bc5 4. c3 f5 5. d4 fxe4 6. Nxe5 Nxe5 7. Qh5+ Ng6 8. Qxc5 c6 9. Be2 Nf6 10. Bg5 d6 11. Qb4 0-0 12. Nd2 d5 13. 0-0 h6 14. Be3 Re8 15. c4 Kh8 16. Nb3 Qc7 17. Qd2 Bg4 18. Rac1 Rad8 19. Rfd1 b6 20. Rc2 dxc4 21. Rxc4 Rd5 22. Rdc1 c5 23. Qc2 Nf4 24. Bxf4 Qxf4 25. dxc5 b5 26. Rc3 e3 27. Bxb5 e2 28. f3 e1Q+ 29. Rxe1 Rxe1+ 30. Kf2 Bf5 31. Bd3 Qe3+ 0-1

[Event "Nyiregyhaza op"]
[Site "Nyiregyhaza"]
[Date "1998.??.??"]
[Round "7"]
[White "Cioara, Andrei Nestor"]
[Black "Kovacs, Lajos M"]
[Result "1-0"]
[WhiteElo "2345"]
[BlackElo "2195"]
[PlyCount "43"]
[EventDate "1998.07.??"]
[EventType "swiss"]
[EventRounds "9"]
[EventCountry "HUN"]
[SourceTitle "EXT 2002"]
[Source "ChessBase"]
[SourceDate "2001.11.25"]
[SourceVersion "1"]
[SourceVersionDate "2001.11.25"]
[SourceQuality "1"]

1. e4 e5 2. Nf3 Nc6 3. d4 exd4 4. Nxd4 Bc5 5. Be3 Qf6 6. c3 Nge7 7. Bc4 Ne5 8. Be2 c6 9. f4 N5g6 10. 0-0 d6 11. Nd2 Bb6 12. g3 Nf8 13. Nc4 Bc7 14. e5 dxe5 15. fxe5 Qg6 16. Bh5 Be6 17. Bxg6 Bxc4 18. Bd3 Bd5 19. c4 Be6 20. Qf3 0-0-0 21. Nxe6 fxe6 22. Bg5 1-0

[Event "Nyiregyhaza op"]
[Site "Nyiregyhaza"]
[Date "1998.??.??"]
[Round "6"]
[White "Kovacs, Lajos M"]
[Black "Egri, Laszlo"]
[Result "1-0"]
[WhiteElo "2195"]
[BlackElo "2180"]
[PlyCount "95"]
[EventDate "1998.07.??"]
[EventType "swiss"]
[EventRounds "9"]
[EventCountry "HUN"]
[SourceTitle "EXT 2002"]
[Source "ChessBase"]
[SourceDate "2001.11.25"]
[SourceVersion "1"]
[SourceVersionDate "2001.11.25"]
[SourceQuality "1"]

1. e4 e5 2. d4 exd4 3. f4 Bb4+ 4. Nd2 d5 5. e5 Nh6 6. Ngf3 Nf5 7. Bd3 c5 8. Qe2 Ne3 9. a3 Bxd2+ 10. Bxd2 c4 11. Nxd4 Nxg2+ 12. Qxg2 Qh4+ 13. Qg3 Qxg3+ 14. hxg3 cxd3 15. cxd3 Nc6 16. Nb5 0-0 17. Bb4 Nxb4 18. axb4 Bf5 19. Kd2 a6 20. Nd6 Bg4 21. Rhc1 f6 22. d4 g5 23. Ke3 fxe5 24. dxe5 gxf4+ 25. gxf4 d4+ 26. Ke4 d3 27. Rg1 h5 28. Rad1 Kh7 29. Rxd3 Rad8 30. Rdg3 Rd7 31. Rh1 Kg6 32. Rh4 Rxd6 33. Rhxg4+ hxg4 34. Rxg4+ Kf7 35. exd6 Ke6 36. Rg6+ Kd7 37. Ke5 Re8+ 38. Kd5 Re2 39. Rg7+ Kc8 40. Rc7+ Kb8 41. f5 Rxb2 42. f6 Rd2+ 43. Kc5 b6+ 44. Kc6 a5 45. f7 Rf2 46. Rb7+ Ka8 47. Kxb6 axb4 48. Rd7 1-0

[Event "Miskolc Avas op"]
[Site "Miskolc"]
[Date "1998.??.??"]
[Round "8"]
[White "Kovacs, Lajos M"]
[Black "Toth, Daniel"]
[Result "0-1"]
[WhiteElo "2215"]
[BlackElo "2040"]
[PlyCount "84"]
[EventDate "1998.09.??"]
[EventType "swiss"]
[EventRounds "9"]
[EventCountry "HUN"]
[SourceTitle "EXT 1999"]
[Source "ChessBase"]
[SourceDate "1998.11.16"]
[SourceVersion "1"]
[SourceVersionDate "1998.11.16"]
[SourceQuality "1"]

1. f4 d5 2. Nf3 Nf6 3. e3 g6 4. Be2 Bg7 5. 0-0 0-0 6. d4 b6 7. Ne5 Nfd7 8. Bf3 Nxe5 9. fxe5 c6 10. c3 Na6 11. e4 Nc7 12. Bg5 Ne6 13. Bh4 dxe4 14. Bxe4 Bb7 15. Nd2 Qc7 16. Qf3 Rad8 17. Rae1 Bh6 18. Nb3 a5 19. Nc1 b5 20. Nd3 b4 21. Qh3 bxc3 22. bxc3 Bd2 23. Rxf7 Rxf7 24. Qxe6 Bc8 25. Qxc6 Qxc6 26. Bxc6 Bxe1 27. Nxe1 Ba6 28. Nf3 Bc4 29. a4 h6 30. h3 g5 31. Bg3 e6 32. Nd2 Bd3 33. Be4 Be2 34. Be1 Rdf8 35. Bg3 Rc7 36. Nb1 Rf1+ 37. Kh2 h5 38. h4 gxh4 39. Bxh4 Rf4 40. Bd8 Rd7 41. Bxa5 Rxe4 42. Bb6 Rg7 0-1

[Event "Nyiregyhaza op"]
[Site "Nyiregyhaza"]
[Date "1998.??.??"]
[Round "9"]
[White "Palasti, Ferenc"]
[Black "Kovacs, Lajos M"]
[Result "1/2-1/2"]
[WhiteElo "2110"]
[BlackElo "2195"]
[PlyCount "93"]
[EventDate "1998.07.??"]
[EventType "swiss"]
[EventRounds "9"]
[EventCountry "HUN"]
[SourceTitle "EXT 2002"]
[Source "ChessBase"]
[SourceDate "2001.11.25"]
[SourceVersion "1"]
[SourceVersionDate "2001.11.25"]
[SourceQuality "1"]

1. Nf3 d6 2. e4 e5 3. Bc4 Be6 4. Qe2 Qd7 5. c3 Bg4 6. 0-0 Nc6 7. a3 Nf6 8. b4 Be7 9. Bb2 0-0 10. d4 Nh5 11. Nbd2 Kh8 12. Qe3 f5 13. dxe5 fxe4 14. Qxe4 Rf4 15. Qd5 dxe5 16. Qxd7 Bxd7 17. g3 e4 18. Nd4 Rff8 19. Rfe1 Nf6 20. Nxe4 Nxd4 21. cxd4 Nxe4 22. Rxe4 Bf6 23. Rae1 Rad8 24. Ba1 Bc6 25. d5 Bxa1 26. dxc6 Bd4 27. R1e2 bxc6 28. Kg2 c5 29. b5 Bf6 30. f4 g6 31. g4 h6 32. Kg3 Rd4 33. h4 g5 34. hxg5 hxg5 35. Rxd4 cxd4 36. f5 Kg7 37. a4 Rd8 38. Bd3 Rd5 39. Kf3 Rc5 40. Rc2 Rc3 41. Rxc3 dxc3 42. Ke4 Kf7 43. Kd5 Ke7 44. Kc6 Kd8 45. a5 Kc8 46. Bc2 Bg7 47. Bb3 1/2-1/2

[Event "Miskolc Avas op"]
[Site "Miskolc"]
[Date "1998.??.??"]
[Round "4"]
[White "Turzo, Attila"]
[Black "Kovacs, Lajos M"]
[Result "1/2-1/2"]
[WhiteElo "2415"]
[BlackElo "2215"]
[PlyCount "134"]
[EventDate "1998.09.??"]
[EventType "swiss"]
[EventRounds "9"]
[EventCountry "HUN"]
[SourceTitle "EXT 1999"]
[Source "ChessBase"]
[SourceDate "1998.11.16"]
[SourceVersion "1"]
[SourceVersionDate "1998.11.16"]
[SourceQuality "1"]

1. e4 e5 2. Nf3 d6 3. d4 Nf6 4. Nc3 exd4 5. Nxd4 Nc6 6. Bb5 Bd7 7. Bxc6 bxc6 8. 0-0 Be7 9. Re1 c5 10. Nf3 0-0 11. e5 Ne8 12. Nd5 Bg4 13. Nxe7+ Qxe7 14. Bg5 Qxg5 15. Nxg5 Bxd1 16. Raxd1 dxe5 17. Rd5 c4 18. Ne4 Rb8 19. b3 cxb3 20. axb3 f6 21. Ra1 Rf7 22. Rxa7 Re7 23. Kf1 Kf7 24. Ke2 Rb6 25. Rd8 f5 26. Nd2 Nd6 27. c4 Nb7 28. Rh8 Nc5 29. Ra3 h6 30. Rd8 Ne6 31. Rc8 Rd6 32. Ra2 Nf4+ 33. Kf1 e4 34. Ra5 g6 35. g3 Ne6 36. Rd5 Ra6 37. b4 Ra2 38. Kg2 Nf8 39. Kg1 Nh7 40. Rcd8 Nf6 41. Rd4 Ng4 42. R8d7 Ne5 43. Rxe7+ Kxe7 44. Rd5 Nd3 45. Nf1 Nxf2 46. Re5+ Kf6 47. Ra5 Nh3+ 48. Kh1 Re2 49. Ra6+ Kf7 50. Ra7 Ng5 51. b5 Nf3 52. b6 Ke6 53. b7 Rb2 54. Ra6+ Ke7 55. Rxg6 Rxb7 56. Ne3 Nd4 57. Rxh6 Rb2 58. Nd5+ Kf7 59. Rh7+ Kg6 60. Rxc7 Nf3 61. Nf4+ Kf6 62. Rh7 Ke5 63. c5 Kd4 64. c6 Rc2 65. c7 Ke3 66. Rh8 Rc1+ 67. Kg2 Rc2+ 1/2-1/2